Представление документа в формате MARC21

ПолеНазваниеЗначение
  Тип записи a
  Библиографический уровень s
001 Контрольный номер fa9a1e750229428e888d71f223e4e925
005 Дата корректировки 20260316155527.2
040 Источник каталогиз. __
b Код языка каталог. rus
e Правила каталог. PSBO
041 Код языка издания 0_
a Код языка текста rus
245 Заглавие 10
a Заглавие Физическая культура. Спорт. Туризм. Двигательная рекреация
p Название части/ раздела Т. 10, № 4
260 Выходные данные __
c Дата издания 2025
901 Тип документа __
t Тип документа s